Modern applications of conformal mapping /
Guardado en:
| Autor Principal: | |
|---|---|
| Otros Autores: | |
| Formato: | Libro |
| Idioma: | English |
| Publicado: |
Irvine, Calif. :
School of Engineering, University of California,
1985.
|
| Etiquetas: |
Agregar Etiqueta
Sin Etiquetas, Sea el primero en etiquetar este registro!
|
| LEADER | 00643nam a22001695a 4500 | ||
|---|---|---|---|
| 001 | MAT.inmabb006714 | ||
| 008 | 120830s1985####caua#####b####000#0#eng#d | ||
| 005 | 20130326130337.0 | ||
| 245 | 1 | 0 | |a Modern applications of conformal mapping / |c by Patricio A. A. Laura and Roland Schinzinger. |
| 260 | |a Irvine, Calif. : |b School of Engineering, University of California, |c 1985. | ||
| 300 | |a 199 h. : |b il. ; |c 28 cm. | ||
| 500 | |a "Report No. EE-85-1". | ||
| 504 | |a Incluye referencias bibliográficas. | ||
| 100 | 1 | |a Laura, Patricio A. A. | |
| 700 | 1 | |a Schinzinger, Roland. | |
| 084 | |a 30Cxx (00A69 30C20 30C30) |2 msc2000 | ||
| 859 | |h 30 |i L377m |p A-5669 |b BIB. MATEMATICA | ||
